LEADER 00852nam0-22002771i-450- 001 990003569280403321 005 20001010 035 $a000356928 035 $aFED01000356928 035 $a(Aleph)000356928FED01 035 $a000356928 100 $a20000920d1963----km-y0itay50------ba 101 0 $aita 105 $ay-------001yy 200 1 $a<>trial of Adolf Teichmann for his crimes against the fewish people and against humanity$fRussell of Liverpool 210 $aNew York$c$d1963 700 1$aRussell$0371194 702 1$aTheichmann,$bAdolf 801 0$aIT$bUNINA$gRICA$2UNIMARC 901 $aBK 912 $a990003569280403321 952 $aSE 010.09.05-$b028390$fDECSE 959 $aDECSE 996 $aTrial of Adolf Teichmann for his crimes against the fewish people and against humanity$9493391 997 $aUNINA DB $aING01 LEADER 03719nam 2201045 450 001 9910813885603321 005 20230803220539.0 010 $a0-520-27814-3 010 $a0-520-95746-6 024 7 $a10.1525/9780520957466 035 $a(CKB)2550000001166704 035 $a(EBL)1574613 035 $a(SSID)ssj0001060477 035 $a(PQKBManifestationID)11674197 035 $a(PQKBTitleCode)TC0001060477 035 $a(PQKBWorkID)11105593 035 $a(PQKB)10700237 035 $a(MiAaPQ)EBC1574613 035 $a(OCoLC)867631077 035 $a(MdBmJHUP)muse32323 035 $a(DE-B1597)519240 035 $a(DE-B1597)9780520957466 035 $a(Au-PeEL)EBL1574613 035 $a(CaPaEBR)ebr10814160 035 $a(CaONFJC)MIL548076 035 $a(EXLCZ)992550000001166704 100 $a20130809h20142014 uy| 0 101 0 $aeng 135 $aurcnu|||||||| 181 $ctxt 182 $cc 183 $acr 200 00$aWhen mandates work $eraising labor standards at the local level /$fedited by Michael Reich, Ken Jacobs, Miranda Dietz 210 1$aBerkeley :$cUniversity of California Press,$d[2014] 210 4$dİ2014 215 $a1 online resource (342 p.) 300 $aDescription based upon print version of record. 311 $a0-520-27813-5 311 $a1-306-16825-2 327 $apart I. The pay mandates -- part II. The benefit mandates -- part III. Making the mandates work. 330 $aStarting in the 1990's, San Francisco launched a series of bold but relatively unknown public policy experiments to improve wages and benefits for thousands of local workers. Since then, scholars have documented the effects of those policies on compensation, productivity, job creation, and health coverage. Opponents predicted a range of negative impacts, but the evidence tells a decidedly different tale. This book brings together that evidence for the first time, reviews it as a whole, and considers its lessons for local, state, and federal policymakers. 606 $aLabor policy$zCalifornia$zSan Francisco 606 $aLabor laws and legislation$zCalifornia$zSan Francisco 606 $aWages$xGovernment policy$zCalifornia$zSan Francisco 606 $aEmployee rights$zCalifornia$zSan Francisco 610 $a1990s. 610 $aamerica. 610 $abusiness economics. 610 $acalifornia. 610 $acompany culture. 610 $afederal policymakers. 610 $ahealth coverage. 610 $aimproved wages. 610 $ainsurance. 610 $ajob creation. 610 $alabor policies. 610 $alabor scholars. 610 $alabor standards. 610 $alabor studies. 610 $alocal mandates. 610 $alocal policymakers. 610 $alocal workers. 610 $amodern labor market. 610 $apublic policy. 610 $aretrospective. 610 $asan francisco. 610 $asocial historians. 610 $astate policymakers. 610 $aunited states. 610 $awage laws. 610 $aworker benefits. 610 $aworker compensation. 610 $aworker productivity. 610 $aworker wages. 610 $aworking class. 615 0$aLabor policy 615 0$aLabor laws and legislation 615 0$aWages$xGovernment policy 615 0$aEmployee rights 676 $a331.12/042 701 $aReich$b Michael$0119700 701 $aJacobs$b Ken$f1962-$01677356 701 $aDietz$b Miranda$f1983-$01677357 801 0$bMiAaPQ 801 1$bMiAaPQ 801 2$bMiAaPQ 906 $aBOOK 912 $a9910813885603321 996 $aWhen mandates work$94044179 997 $aUNINA